Guess the "Lil" rapper by picture - Statistics

General Stats
  • This quiz has been taken 605 times
  • The average score is 9 of 12
Answer Stats
Picture Answer % Correct
Lil Peep
92%
Lil Pump
89%
Lil Nas X
84%
Lil Baby
83%
Lil Wayne
83%
Lil Tjay
81%
Lil Uzi Vert
81%
Lil Yachty
76%
Lil Durk
73%
Lil Xan
59%
Lil Skies
51%
Lil Tracy
25%
No matching quizzes found
Score Distribution
Percent of People with Each Score
Percentile by Number Answered
Your Score History
You have not taken this quiz